Cities in Heilongjiang Province - Statistics

General Stats
  • This quiz has been taken 9 times
  • The average score is 9 of 11
Answers on the Grid
Answers color-coded by a green-red scale on the quiz's grid according to % correct below.
Shaoguan 韶關
Harbin 哈爾濱
Macau (Aomen) 澳門
Qitaihe 七台河
Qingyuan 清遠
Hezhou 賀州
Wuzhou 梧州
Lianyungang 連雲港
Jixi 雞西
Yuxi 玉溪
Jiamusi 佳木斯
Hengyang 衡陽
Hong Kong (Xianggang) 香港
Mudanjiang 牡丹江
Yongzhou 永州
Longyan 龍岩
Quanzhou 泉州
Qiqihar 齊齊哈爾
Guigang 貴港
Mohe 漠河
Yulin 玉林
Ya'an 雅安
Yichun 伊春
Heihe 黑河
Shijiazhuang 石家莊
Baicheng 白城
Daqing 大慶
Zaozhuang 棗莊
Lhasa 拉薩
Hegang 鶴崗
Vladivostok 海參崴/符拉迪沃斯托克
Yangjiang 陽江
Changchun 長春
Chifeng 赤峰
Chongjin 清津
 
Answer Stats
Answer % Correct
Harbin 哈爾濱
100%
Heihe 黑河
100%
Jiamusi 佳木斯
100%
Mudanjiang 牡丹江
100%
Qiqihar 齊齊哈爾
100%
Daqing 大慶
67%
Hegang 鶴崗
67%
Jixi 雞西
67%
Mohe 漠河
67%
Qitaihe 七台河
67%
Yichun 伊春
33%
No matching quizzes found
Score Distribution
Percent of People with Each Score
Percentile by Number Answered
Your Score History
You have not taken this quiz